Viac otáznikov ako otázok

Podrobná bibliografia
Hlavný autor: Dlouhý, Oleg, 1951-2014 (Autor)
Médium: Článok
Jazyk:slovenčina
Fyzický popis:Fotogr.
ISSN:1335-440X
Predmet:

MARC

LEADER 00000nab a2200000 a 4500
001 vtls008960642
003 SK-MaSNL
005 20260303234719.0
008 140512c20070320xo dr|p|||||||000 b|slo
015 |a SNBRB2007/04  |2 snkbucl 
038 |a SNKBUCL 
040 |a SNKBUCL  |b slo  |c SNKBUCL  |e AACR2 
041 |a slo 
044 |a xo  |c SK 
080 |a 792.2  |2 2001 
100 1 |a Dlouhý, Oleg,  |d 1951-2014  |4 aut  |9 103456 
245 1 0 |a Viac otáznikov ako otázok  |c Oleg Dlouhý 
300 |b Fotogr. 
600 1 7 |a Ibsen, Henrik,  |d 1828-1906  |t Hedda Gablerová  |2 snkbucl  |9 162673 
610 2 7 |a Divadlo Andreja Bagara v Nitre  |2 snkbucl  |9 32093 
651 7 |a Nitra (Slovensko)  |2 snkbucl  |9 15714 
655 7 |a recenzie  |2 snkbucl  |9 21907 
773 0 |t Sme. Práca  |g Roč. 15, č. 66 (20.3.2007)  |x 1335-440X 
773 0 |t Kultúra  |g S. 22 
852 |a SNK  |b KIS3GCP 
958 |a RC 
999 |c 2522192  |d 2524122